Normal view
MARC view
- MICROCOMPUTER COMPUTER ARCHITECTURE
Entry Topical Term
001 - CONTROL NUMBER
- control field: 74901
003 - CONTROL NUMBER IDENTIFIER
- control field: NUST
005 - DATE AND TIME OF LATEST TRANSACTION
- control field: 20210628205319.0
008 - FIXED-LENGTH DATA ELEMENTS
- fixed length control field: 210628|| aca||aabn | a|a d
040 ## - CATALOGING SOURCE
- Original cataloging agency: NUST
- Transcribing agency: NUST
150 ## - HEADING--TOPICAL TERM
- Topical term or geographic name entry element: MICROCOMPUTER COMPUTER ARCHITECTURE
670 ## - SOURCE DATA FOUND
- Source citation: Work cat.: (NUST): Varhol, Peter 74900, Pc architecture for the 21st century, 1996
